Thermodynamics (Record no. 8344)

000 -LEADER
fixed length control field 00603nam a2200217 i 4500
001 - CONTROL NUMBER
control field 8344
003 - CONTROL NUMBER IDENTIFIER
control field BD-DhUET
008 - FIXED-LENGTH DATA ELEMENTS--GENERAL INFORMATION
fixed length control field 770308s1978 nyua b 001 0 eng
020 ## - INTERNATIONAL STANDARD BOOK NUMBER
International Standard Book Number 0023355301
040 ## - CATALOGING SOURCE
Original cataloging agency DLC
Transcribing agency DLC
Modifying agency BD-DhUET
082 ## - DEWEY DECIMAL CLASSIFICATION NUMBER
Classification number 621.01
Item number FAI/1970
100 ## - MAIN ENTRY--PERSONAL NAME
Personal name Faires, Virgil Moring
245 10 - TITLE STATEMENT
Title Thermodynamics
Statement of responsibility, etc. by Virgil Moring Faires and Clifford Max Simmang
250 ## - EDITION STATEMENT
Edition statement 6th ed.
260 ## - PUBLICATION, DISTRIBUTION, ETC. (IMPRINT)
Place of publication, distribution, etc. New York
Name of publisher, distributor, etc. Macmillan
Date of publication, distribution, etc. 1970
300 ## - PHYSICAL DESCRIPTION
Extent xxiii, 647 p.
Other physical details ill.
Dimensions 26 cm.
504 ## - BIBLIOGRAPHY, ETC. NOTE
Bibliography, etc Includes bibliographies
650 #0 - SUBJECT ADDED ENTRY--TOPICAL TERM
Topical term or geographic name as entry element Thermodynamics
700 ## - ADDED ENTRY--PERSONAL NAME
Personal name Simmang, Clifford Max
942 ## - ADDED ENTRY ELEMENTS (KOHA)
Koha item type General Book
Holdings
Date acquired Damaged status Price effective from Koha item type Source of classification or shelving scheme Piece designation (barcode) Location (home branch) Koha normalized classification for sorting Shelving location Koha full call number Sublocation or collection (holding branch) Koha date last seen Not for loan Withdrawn status Copy number Lost status
2015-01-20 2015-01-20General Book 42943Central Library, BUET621_010000000000000_FAI_1978Circulation section621.01/FAI/1978Central Library, BUET2015-01-20  1 
1985-06-11 2024-12-11Rental Item 63135Central Library, BUET621_010000000000000_FAI_1970Rental section621.01 FAI/1970Central Library, BUET2024-12-11  ৬/ক-১ 
1985-06-11 2024-12-11Rental Item 63136Central Library, BUET621_010000000000000_FAI_1970Rental section621.01 FAI/1970Central Library, BUET2024-12-11  ৬/ক-২ 
1985-06-11 2024-12-11Rental Item 63137Central Library, BUET621_010000000000000_FAI_1970Rental section621.01 FAI/1970Central Library, BUET2024-12-11  ৬/ক-৩ 
1985-06-11 2024-12-11Rental Item 63138Central Library, BUET621_010000000000000_FAI_1970Rental section621.01 FAI/1970Central Library, BUET2024-12-11  ৬/ক-৪ 
1985-06-11 2024-12-11Rental Item 63139Central Library, BUET621_010000000000000_FAI_1970Rental section621.01 FAI/1970Central Library, BUET2024-12-11  ৬/ক-৫ 
1985-06-11 2024-12-11Rental Item 63140Central Library, BUET621_010000000000000_FAI_1970Rental section621.01 FAI/1970Central Library, BUET2024-12-11  ৬/ক-৬ 
1985-06-11 2024-12-11Rental Item 63141Central Library, BUET621_010000000000000_FAI_1970Rental section621.01 FAI/1970Central Library, BUET2024-12-11  ৬/ক-৭ 
1985-06-11 2024-12-11Rental Item 63142Central Library, BUET621_010000000000000_FAI_1970Rental section621.01 FAI/1970Central Library, BUET2024-12-11  ৬/ক-৮ 
1985-06-11 2024-12-11Rental Item 63143Central Library, BUET621_010000000000000_FAI_1970Rental section621.01 FAI/1970Central Library, BUET2024-12-11  ৬/ক-৯ 
1985-06-11 2024-12-11Rental Item 63144Central Library, BUET621_010000000000000_FAI_1970Rental section621.01 FAI/1970Central Library, BUET2024-12-11  ৬/ক-১০ 
1985-06-11 2024-12-11Rental Item 63145Central Library, BUET621_010000000000000_FAI_1970Rental section621.01 FAI/1970Central Library, BUET2024-12-11  ৬/ক-১১ 
1985-06-11 2024-12-11Rental Item 63146Central Library, BUET621_010000000000000_FAI_1970Rental section621.01 FAI/1970Central Library, BUET2024-12-11  ৬/ক-১২ 
1985-06-11 2024-12-11Rental Item 63147Central Library, BUET621_010000000000000_FAI_1970Rental section621.01 FAI/1970Central Library, BUET2024-12-11  ৬/ক-১৩ 
1985-06-11 2024-12-11Rental Item 63148Central Library, BUET621_010000000000000_FAI_1970Rental section621.01 FAI/1970Central Library, BUET2024-12-11  ৬/ক-১৪ 
1985-06-11 2024-12-11Rental Item 63149Central Library, BUET621_010000000000000_FAI_1970Rental section621.01 FAI/1970Central Library, BUET2024-12-11  ৬/ক-১৫ 
1985-06-11 2024-12-11Rental Item 63150Central Library, BUET621_010000000000000_FAI_1970Rental section621.01 FAI/1970Central Library, BUET2024-12-11  ৬/ক-১৬ 
1985-06-11 2024-12-11Rental Item 63151Central Library, BUET621_010000000000000_FAI_1970Rental section621.01 FAI/1970Central Library, BUET2024-12-11  ৬/ক-১৭ 
1985-06-11 2024-12-11Rental Item 63152Central Library, BUET621_010000000000000_FAI_1970Rental section621.01 FAI/1970Central Library, BUET2024-12-11  ৬/ক-১৮ 
1985-06-11 2024-12-11Rental Item 63153Central Library, BUET621_010000000000000_FAI_1970Rental section621.01 FAI/1970Central Library, BUET2024-12-11  ৬/ক-১৯ 
1985-06-11 2024-12-11Rental Item 63154Central Library, BUET621_010000000000000_FAI_1970Rental section621.01 FAI/1970Central Library, BUET2024-12-11  ৬/ক-২০